书目信息 |
| 题名: |
克莱斯勒小提琴曲选 第二集
|
|
| 作者: | 克莱斯勒 曲 | |
| 分册: | ||
| 出版信息: | 不详 |
|
| 页数: | 51页 | |
| 开本: | 8 | |
| 丛书名: | ||
| 单 册: | ||
| 中图分类: | J657.21 | |
| 科图分类: | ||
| 主题词: | 外国音乐--作品 , 音乐--各国--作品 | |
| 电子资源: | ||
| ISBN: | ||
| 000 | 00571nam0 2200205 45 | |
| 001 | 0312221749 | |
| 005 | 20070428172119.64 | |
| 010 | @dCNY3.40 | |
| 100 | @a20031222d km y0chiy0120 ea | |
| 101 | @achi | |
| 105 | @a z 000yy | |
| 200 | 1 | @a克莱斯勒小提琴曲选 第二集@AKe Lai Si Le Xiao Ti Qin Qu Xuan Di Er Ji@f克莱斯勒曲@FKe Lai Si Le Qu |
| 210 | @c不详 | |
| 215 | @a51页@d8 | |
| 606 | 0 | @a外国音乐@x作品 |
| 606 | 0 | @a音乐@y各国@x作品 |
| 690 | @aJ657.21@v3 | |
| 701 | 0 | @a克莱斯勒@4曲 |
| 801 | @aCN@bTSTCL@c20070428 | |
| 905 | @a213230@dJ657.21@e167:2@b228313@f1 | |
| 克莱斯勒小提琴曲选 第二集/克莱斯勒曲.-不详 |
| 51页;8 |
| ISBN :CNY3.40 |
| ● |
| 相关链接 |
|
|
|
|
正题名:克莱斯勒小提琴曲选 第二集
索取号:J657.21/167:2
 
预约/预借
| 序号 | 登录号 | 条形码 | 馆藏地/架位号 | 状态 | 备注 |
| 1 | 0228313 | 001228371 | 第一借阅区/ [索取号:J657.21/167:2] | 在馆 | |
| 2 | 0228314 | 001690593 | 第一样本阅览室/ [索取号:J657.21/167:2] | 在馆 |